00491nam a2200193Ia 4500008004100000020001800041050001600059100001900075245002000094245001900114245006000133260001500193260001600208260000900224300001600233300002000249300001000269300001800279170918s9999 xx 000 0 und d a9780545855037 bO185cl 2012 aO'Connor, Jane aNancy Clancy :  bsuper sleuth / cby Jane O'Connor ; illustrated by Robin Preiss Glasser. aNew York : bScholastic, c2012 a124 pages : billustrations : c19cm. eNancy Clancy.